Top 20 QBs of All-Time - Statistics

General Stats
  • This quiz has been taken 32 times
    3 since last reset
  • The average score is 13 of 20
Answer Stats
(Rank) Teams QB % Correct
4. GBP,NYJ Aaron Rodgers
100%
10. ATL,GBP,NYJ,MIN Brett Favre
100%
6. MIA Dan Marino
100%
7. SDC,NOS Drew Brees
100%
3. SFF,KAN Joe Montana
100%
12. DEN John Elway
100%
5. KAN Patrick Mahomes
100%
2. IND,DEN Peyton Manning
100%
1. NEP,TBB Tom Brady
100%
18. PIT Ben Roethlisberger
67%
17. ATL, IND Matt Ryan
67%
20. SEA,DEN Russell Wilson
67%
8. TBB,SFF Steve Young
67%
14. MIN,NYG Fran Tarkenton
33%
9. PIT,BAL,SDC Johnny Unitas
33%
13. DAL Roger Staubach
33%
16. GBP,LAR,NYG,ARI Kurt Warner
0%
11. CLE Otto Graham
0%
19. WAS Sammy Baugh
0%
15. CHI Sid Luckman
0%
No matching quizzes found
Score Distribution
Percent of People with Each Score
Percentile by Number Answered
Your Score History
You have not taken this quiz since the last reset